| 000 | 00722nam a22001937a 4500 | ||
|---|---|---|---|
| 999 |
_c13085 _d13085 |
||
| 003 | AR-CdUCM | ||
| 008 | 190401b ||||| |||| 00| 0 spa d | ||
| 040 |
_aMUNICIPALIDAD PROVINCIAL DEL CUSCO _cBIBLIOTECA MUNICIPAL DEL CUSCO |
||
| 082 |
_aC / 370.2 / _bS19 |
||
| 100 |
_aSamanez Flores, David _931284 |
||
| 245 | _aElocución castellana / | ||
| 260 |
_aCusco : _bUNSAAC, _c1976. |
||
| 300 |
_a68 paginas ; _c21 cm. |
||
| 505 | _aContenido :La comunicación humana -- El lenguaje -- El multilinguísmo -- La semiótica, Lingüística y gramática -- Fonética y fonología .. | ||
| 650 |
_aCiencia de la comunicación _927175 |
||
| 650 |
_aLengua castellana _916494 |
||
| 942 |
_2ddc _cLIBROS |
||
| 945 |
_awfj _d2019-04-11 |
||